[Event "BAN-ch U16"]
[Site "Dhaka"]
[Date "2018.05.03"]
[Round "6"]
[White "Nafim, Al Karim"]
[Black "Mohammad Fahad, Rahman"]
[Result "0-1"]
[WhiteElo "1585"]
[BlackElo "2337"]
[PlyCount "122"]
[EventDate "2018.04.28"]
[EventType "swiss"]
[EventRounds "7"]
[EventCountry "BAN"]
[SourceTitle "EXT 2019"]
[Source "ChessBase"]
[SourceDate "2018.10.10"]
[SourceVersion "1"]
[SourceVersionDate "2018.10.10"]
[SourceQuality "1"]

1. e4 e5 2. Nf3 Nc6 3. Bc4 Bc5 4. c3 Nf6 5. d3 d6 6. 0-0 h6 7. Re1 0-0 8. Nbd2 a6 9. Bb3 b5 10. Nf1 Be6 11. Bc2 Bb6 12. h3 d5 13. exd5 Nxd5 14. Ng3 Re8 15. a3 Kf8 16. d4 exd4 17. cxd4 Nf6 18. Be3 Qd5 19. Qd3 Rad8 20. Rad1 Na5 21. Ne2 Qc4 22. Nf4 Qxd3 23. Rxd3 Bf5 24. Rd2 Ne4 25. Rde2 g5 26. Bc1 Nd6 27. Rxe8+ Rxe8 28. Rxe8+ Kxe8 29. Bxf5 Nxf5 30. Nd5 Nb3 31. Be3 Ba5 32. Kf1 c6 33. Nf6+ Ke7 34. Ng8+ Kf8 35. Nf6 Ke7 36. Ng8+ Ke6 37. g4 Nd6 38. Nxh6 f6 39. Ke2 Bd8 40. h4 gxh4 41. Nxh4 Na5 42. Kd3 Nac4 43. Kc3 Kd5 44. N6f5 Nxf5 45. Nxf5 Ke4 46. Bc1 Kf3 47. b3 Nb6 48. Be3 Nd5+ 49. Kd3 Kxg4 50. Ng3 f5 51. Ne2 f4 52. Bd2 Kf3 53. Be1 Bh4 54. Nc3 Bxf2 55. Nxd5 cxd5 56. Bd2 Be3 57. Be1 Kg2 58. a4 Bf2 59. Bd2 f3 60. Kc3 bxa4 61. bxa4 Bxd4+ 0-1

[Event "Dhaka IRT U2000"]
[Site "Dhaka"]
[Date "2018.02.21"]
[Round "8"]
[White "Chowdhury, Shamsul Kabir"]
[Black "Nafim, Al Karim"]
[Result "1-0"]
[WhiteElo "1814"]
[BlackElo "1635"]
[PlyCount "103"]
[EventDate "2018.02.14"]
[EventType "swiss"]
[EventRounds "9"]
[EventCountry "BAN"]
[SourceTitle "EXT 2024"]
[Source "ChessBase"]
[SourceDate "2023.10.10"]
[SourceVersion "1"]
[SourceVersionDate "2023.10.10"]
[SourceQuality "1"]

1. d4 d5 2. c4 e6 3. Nc3 Nf6 4. Bf4 Bd6 5. Bxd6 Qxd6 6. c5 Qe7 7. f4 b6 8. b4 0-0 9. e3 a5 10. a3 Ng4 11. Qxg4 axb4 12. Nb5 bxc5 13. dxc5 Qxc5 14. Qd1 Qxe3+ 15. Ne2 Ba6 16. axb4 Qb6 17. Ned4 f6 18. Qd2 e5 19. Nb3 c6 20. Nc5 Rf7 21. Nd6 Rfa7 22. Bxa6 Nxa6 23. Rxa6 Rxa6 24. Nxa6 Rxa6 25. Ke2 Qb8 26. fxe5 fxe5 27. Nf5 Qb5+ 28. Kf2 Ra4 29. Rb1 d4 30. Rb2 g6 31. Ng3 Qd5 32. Qc2 d3 33. Qb3 Qxb3 34. Rxb3 Ra2+ 35. Kf3 d2 36. Rd3 Rb2 37. Ne4 Rxb4 38. Rxd2 Rb3+ 39. Kf2 Kg7 40. Rc2 Rb6 41. Rc5 Rb2+ 42. Kf3 Rb3+ 43. Ke2 Rb2+ 44. Nd2 Rb6 45. Rxe5 Rb5 46. Re7+ Kh6 47. Rc7 c5 48. h4 Ra5 49. Ne4 Ra2+ 50. Kf3 Ra3+ 51. Kf4 Ra2 52. g4 1-0